000 00273nam a2200133Ia 4500
100 _aShukla M.C & Grewal
650 _aGeneral
942 _cBK
654 _aaccounts
245 _aAdvanced Accounts
260 _bS.Chand & co
_c2001
082 _a657
546 _aENGLISH
999 _c28560
_d28560